Länder, die Bahamas am Nächsten Liegen - Sudden Death - Statistiken

Allgemein
  • Dieses Quiz wurde 51 mal gespielt
  • Das Durchschnittsergebnis liegt bei 6 aus 15
Answers on the Grid
Answers color-coded by a green-red scale on the quiz's grid according to % correct below.
Kuba
Vereinigte Staaten
Haiti
Dominikanische Republik
Jamaika
Mexiko
Kolumbien
Honduras
Belize
Venezuela
Nicaragua
Guatemala
St. Kitts und Nevis
Antigua und Barbuda
El Salvador
Mauretanien
Kanada
Ecuador
Peru
Bolivien
Guyana
Surinam
Brasilien
Chile
Paraguay
St. Lucia
Dominica
St. Vincent und die Grenadinen
Trinidad und Tobago
Marokko
 
Antwortstatistiken
Antwort % Korrekt
Haiti
65%
Jamaika
65%
Dominikanische Republik
59%
Mexiko
59%
Vereinigte Staaten
59%
Kuba
53%
Belize
47%
Guatemala
47%
Honduras
47%
Nicaragua
41%
El Salvador
35%
Antigua und Barbuda
24%
St. Kitts und Nevis
24%
Venezuela
18%
Kolumbien
6%
Keine übereinstimmenden Quizze gefunden
Verteilung der Resultate
Anzahl Personen mit jedem Resultat
Perzentil nach korrekt beantworteten Fragen
Ihre Resultats-Entwicklung
Sie haben dieses Quiz noch nicht gespielt